|
|
|
|
| LEADER |
01148nab#a2200313#ar4500 |
| 001 |
000063421 |
| 003 |
SVKKK |
| 005 |
19970225xxxxxxx. |
| 008 |
06 c xo huno |
| FMT |
|
|
|
| 038 |
|
|
|a SVKKK
|
| 040 |
|
|
|a SVKKK
|b slo
|e AACR2
|
| 041 |
0 |
|
|a hun
|
| 044 |
|
|
|a xo
|c SK
|
| 080 |
|
|
|a 177.7:362.4
|
| 080 |
|
|
|a 376
|
| 242 |
1 |
0 |
|a Veľkolepý dar
|
| 245 |
0 |
0 |
|a Nagyszerű adomány
|
| 520 |
2 |
|
|a Darca finančného príspevku (10 000 korún) pre Ústav hluchonemých v Jelšave, ktorý chcel ostať v anonymite, ho odovzdal hlavnému županovi Gemersko-malohontskej župy Ladislavovi (László) Hámosovi. Tento ho doručil adresátovi.
|
| 650 |
0 |
4 |
|a dobročinnosť - dary finančné (10 000 korún) - Ústav pre hluchonemých, Jelšava (RV)(adresát) - darca neznámy - Hámos, Ladislav (župan hlavný) - Gemersko-malohontská župa (pôsobenie) - odoslanie - správa
|
| 773 |
0 |
|
|t Sajó-Vidék : Politikai hetilap
|g Roč. 5, č. 19 (08.05.1902) s. 2
|
| 957 |
|
|
|a Gemersko-malohontská župa
|
| 957 |
|
|
|a Jelšava
|
| 958 |
|
|
|a DG
|
| 958 |
|
|
|a SK
|
| 974 |
|
|
|a ebl
|d 19970225
|
| 992 |
|
|
|a RBX
|
| BAS |
|
|
|
| 998 |
|
|
|a RETRO
|